000 00539nam a2200205Ia 4500
005 20250923144255.0
008 008 250917s9999 xx 000 0 eng d
037 _aTextual
040 _aDSWL
_beng
_cDSWL
041 _aeng
_2eng
084 _aV58:1:N4, H8
_qDSWL
100 _aLovell, Maurice
_9823102
245 4 _aThe Soviet way of life
_cby Maurice Lovell
260 _c1948
300 _a213 p.
365 _aINR
_b4.4
925 _g4.4
942 _cTEXL
_hV58:1:N4, H8
999 _c1436876
_d1436876